Engendering human rights (Record no. 631556)

MARC details
000 -LEADER
fixed length control field 00723nam a2200241Ia 4500
003 - CONTROL NUMBER IDENTIFIER
control field OSt
005 - DATE AND TIME OF LATEST TRANSACTION
control field 20220926015437.0
008 - FIXED-LENGTH DATA ELEMENTS--GENERAL INFORMATION
fixed length control field 220923b |||||||| |||| 00| 0 eng d
020 ## - INTERNATIONAL STANDARD BOOK NUMBER
International Standard Book Number 1403967075
037 ## - SOURCE OF ACQUISITION
Terms of availability General Book
040 ## - CATALOGING SOURCE
Original cataloging agency RTL
Transcribing agency RTL
Language of cataloging eng
041 ## - LANGUAGE CODE
Source of code eng
Language code of text/sound track or separate title eng
100 ## - MAIN ENTRY--PERSONAL NAME
Personal name Nnaemeka Obioma
9 (RLIN) 322298
245 #0 - TITLE STATEMENT
Title Engendering human rights
Remainder of title Cultural and socioeconomic realities in Africa
260 ## - PUBLICATION, DISTRIBUTION, ETC.
Place of publication, distribution, etc. New York
Name of publisher, distributor, etc. Palgrave macmillan
Date of publication, distribution, etc. 2005
300 ## - PHYSICAL DESCRIPTION
Extent xii;314p
Dimensions cm.
700 ## - ADDED ENTRY--PERSONAL NAME
Personal name Ezeilo Joy Ngozi
9 (RLIN) 322299
942 ## - ADDED ENTRY ELEMENTS (KOHA)
Classification part Y9(W:5), P5
Koha item type General Books
Source of classification or shelving scheme Colon Classification (CC)
Holdings
Withdrawn status Lost status Damaged status Not for loan Home library Current library Date acquired Total Checkouts Full call number Barcode Date last seen Price effective from Koha item type
        Ratan Tata Library Ratan Tata Library 2022-09-26   Y9(W:5) P5 RT1324120 2022-09-26 2022-09-26 General Books
Copyright @ Delhi University Library System